000 01112nam a22002177a 4500
003 BUBTL
008 240206b ||||| |||| 00| 0 eng d
020 _a9845120067
082 _a954.92/ Is41b/ 2000
245 _aবাংলাদেশের ইতিহাস ১৭০৪-১৯৭১ প্রথম খন্ড রাজনৈতিক ইতিহাস /
_cসিরাজুল ইসলাম
250 _a2nd ed
260 _aঢাকা:
_bবাংলাদেশ এশিয়াটিক সোসাইটি,
_cc2000
300 _a787 p. :
_c24.5 cm.
500 _aIncludes Index
505 _aবাংলাদেশের ইতিহাস, রাজনৈতিক ইতিহাস, রাজনৈতিক ইতিহাসের প্রেক্ষাপট, সুবা বাংলা, পলাশী যুদ্ধ ও সিরাজউদ্দৌলা
650 0 _91755
_aমুক্তিযুদ্ধ
700 _95554
_aইসলাম, সিরাজুল
856 _k0
_l0
_yDownload
942 _2ddc
_cBK
999 _c7199
_d7199